|
|
|
|
| LEADER |
00000nam0a2200000 4500 |
| 001 |
340579 |
| 005 |
20231102005244.0 |
| 035 |
|
|
|a (RuTPU)RU\TPU\book\367502
|
| 090 |
|
|
|a 340579
|
| 100 |
|
|
|a 20180404d1990 k y0rusy50 ca
|
| 101 |
0 |
|
|a rus
|
| 102 |
|
|
|a KZ
|
| 105 |
|
|
|a a dm 001zy
|
| 200 |
1 |
|
|a Термодинамика тройных амальгамных расплавов, разбавленных по натрию
|e автореферат диссертации на соискание ученой степени кандидата химических наук
|e спец. 02.00.04
|f Н. Л. Панова
|g Академия наук Казахской ССР (АН КазССР), Институт органического катализа и электрохимии (ИОКЭ) ; науч. рук. М. Б. Дергачева ; науч. конс. Л. Ф. Козин
|
| 210 |
|
|
|a Алма-Ата
|c [Б. и.]
|d 1990
|
| 215 |
|
|
|a 24 с.
|c ил.
|
| 300 |
|
|
|a Защита сост. в мае 1990 г.
|
| 320 |
|
|
|a Библиогр.: с. 23-24 (12 назв.)
|
| 606 |
1 |
|
|a Амальгамные системы
|x Электрохимические свойства
|2 stltpush
|3 (RuTPU)RU\TPU\subj\21978
|9 46880
|
| 610 |
1 |
|
|a разбавленные растворы
|
| 610 |
1 |
|
|a поведение
|
| 610 |
1 |
|
|a электродвижущие силы
|
| 610 |
1 |
|
|a измерение
|
| 610 |
1 |
|
|a натрий
|
| 610 |
1 |
|
|a разбавленные расплавы
|
| 610 |
1 |
|
|a термодинамические свойства
|
| 610 |
1 |
|
|a предельные коэффициенты
|
| 610 |
1 |
|
|a расчет
|
| 610 |
1 |
|
|a амальгамы
|
| 610 |
1 |
|
|a устойчивость
|
| 610 |
1 |
|
|a авторефераты диссертаций
|
| 610 |
1 |
|
|a библиотека А. Г. Стромберга
|
| 675 |
|
|
|a 669.79(04)
|v 4
|
| 686 |
|
|
|a 02.00.04
|2 oksvnk
|
| 700 |
|
1 |
|a Панова
|b Н. Л.
|g Наталья Леонидовна
|
| 702 |
|
1 |
|a Дергачева
|b М. Б.
|4 727
|
| 702 |
|
1 |
|a Козин
|b Л. Ф.
|4 695
|
| 712 |
0 |
2 |
|a Академия наук Казахской ССР (АН КазССР)
|b Институт органического катализа и электрохимии (ИОКЭ)
|c (Алма-Ата)
|2 stltpush
|3 (RuTPU)RU\TPU\col\15443
|
| 801 |
|
1 |
|a RU
|b 63413507
|c 20180404
|
| 801 |
|
2 |
|a RU
|b 63413507
|c 20180516
|g RCR
|
| 942 |
|
|
|c BK
|